Providing for consideration of the bill (H.R. 992) to amend provisions in section 716 of the Dodd-Frank Wall Street Reform and Consumer Protection Act relating to federal assistance for swaps entities, and providing for consideration of the bill (H.R. 2374) to amend the Securities and Exchange Act of 1934 to provide protections for retail customers, and for other purposes : report (to accompany H. Res. 391).

Bibliographic Details
Corporate Author: United States. Congress. House. Committee on Rules (Author)
Format: Government Document eBook
Language:English
Published: [Washington, D.C.] : [U.S. Government Printing Office], [2013]
Series:Report / 113th Congress, 1st session, House of Representatives ; 113-253
Subjects:
Online Access:Text version:
PDF version:
Text version:
PDF version:

MARC

Tag First Indicator Second Indicator Subfields
LEADER 00000cam a2200000 i 4500
001 in00003421998
005 20210312123919.0
006 m o d f
007 cr b|||||m||||
008 131029s2013 dcu o f000 0 eng c
035 |a (OCoLC)ocn861707928 
042 |a pcc 
043 |a n-us--- 
040 |a GPO  |b eng  |e rda  |e pn  |c GPO  |d OCLCO  |d GPO  |d MvI 
049 |a WWW 
050 1 4 |a KF32  |b .R8 2013zv 
074 |a 1008-I (online) 
086 0 |a Y 1.1/8:113-253 
110 1 |a United States.  |b Congress.  |b House.  |b Committee on Rules,  |e author. 
245 1 0 |a Providing for consideration of the bill (H.R. 992) to amend provisions in section 716 of the Dodd-Frank Wall Street Reform and Consumer Protection Act relating to federal assistance for swaps entities, and providing for consideration of the bill (H.R. 2374) to amend the Securities and Exchange Act of 1934 to provide protections for retail customers, and for other purposes :  |b report (to accompany H. Res. 391). 
264 1 |a [Washington, D.C.] :  |b [U.S. Government Printing Office],  |c [2013] 
300 |a 1 online resource (4 pages). 
336 |a text  |b txt  |2 rdacontent 
337 |a computer  |b c  |2 rdamedia 
338 |a online resource  |b cr  |2 rdacarrier 
490 1 |a Report / 113th Congress, 1st session, House of Representatives ;  |v 113-253 
500 |a Title from title screen (viewed on October 29, 2013). 
500 |a "October 28, 2013." 
610 1 0 |a United States.  |b Congress.  |b House  |x Rules and practice. 
650 0 |a Swaps (Finance)  |x Law and legislation  |z United States. 
650 0 |a Investments  |x Law and legislation  |z United States. 
655 7 |a Legislative materials.  |2 lcgft 
776 0 8 |i Microfiche version:  |a United States. Congress. House. Committee on Rules.  |t Providing for consideration of the bill (H.R. 992) to amend provisions in section 716 of the Dodd-Frank Wall Street Reform and Consumer Protection Act relating to federal assistance for swaps entities, and providing for consideration of the bill (H.R. 2374) to amend the Securities and Exchange Act of 1934 to provide protections for retail customers, and for other purposes  |w (OCoLC)872099012 
776 0 8 |i Print version:  |a United States. Congress. House. Committee on Rules.  |t Providing for consideration of the bill (H.R. 992) to amend provisions in section 716 of the Dodd-Frank Wall Street Reform and Consumer Protection Act relating to federal assistance for swaps entities, and providing for consideration of the bill (H.R. 2374) to amend the Securities and Exchange Act of 1934 to provide protections for retail customers, and for other purposes  |w (OCoLC)863043029 
810 1 |a United States.  |b Congress.  |b House.  |t Report ;  |v 113-253. 
856 4 0 |3 Text version:  |u https://purl.fdlp.gov/GPO/gpo41021  |t 0 
856 4 0 |3 PDF version:  |u https://purl.fdlp.gov/GPO/gpo41022  |t 0 
856 4 0 |3 Text version:  |u http://purl.fdlp.gov/GPO/gpo41021  |t 0 
856 4 0 |3 PDF version:  |u http://purl.fdlp.gov/GPO/gpo41022  |t 0 
999 f f |s a06252a6-2380-34ff-964f-6a31a7bc2722  |i 0e565ec2-43a5-3664-bc34-8ba0925c4b13  |t 0 
952 f f |a Texas A&M University  |b College Station  |c Electronic Resources  |d Available Online  |t 0  |e Y 1.1/8:113-253  |h Superintendent of Documents classification 
998 f f |a Y 1.1/8:113-253  |t 0  |l Available Online